| 000 | 00696nam a2200217 i 4500 | ||
|---|---|---|---|
| 001 | 43634 | ||
| 003 | ES-MaACL | ||
| 005 | 20230906160840.0 | ||
| 007 | t| | ||
| 008 | 030318s1876 sp ||||1| spa d | ||
| 080 | _a7.035(460)(064.3) | ||
| 111 | 2 |
_aExposición Nacional de Bellas Artes ( _d1876. _cMadrid) _9138903 |
|
| 245 | 1 | 0 | _aCatálogo de la Exposición General de Bellas Artes de 1876. |
| 260 |
_aMadrid : _b[s.n.], _c1876 ( _fM. Tello) |
||
| 300 |
_a103, [5] p. ; _c19 cm. |
||
| 650 | 4 |
_aArte español- _yS.XIX- _vExposiciones. _9138900 |
|
| 655 | 7 |
_2tgfbne _9193628 _aCatálogos de exposiciones |
|
| 852 |
_aES-MaACL _jT-210-F-12 |
||
| 942 | _2udc | ||
| 999 |
_c43634 _d43634 |
||